| Поле | Название | Значение |
| |
Тип записи |
a |
| |
Библиографический уровень |
m |
| 001 |
Контрольный номер |
2b116a109d474bffabd07eb84bc24707 |
| 005 |
Дата корректировки |
20150203062816.9 |
| 010 |
Индекс ISBN |
__ |
| a |
ISBN |
978-5-9916-3123-5 |
| d |
Цена |
598-95 |
| 101 |
Язык документа |
0_ |
| a |
Язык текста |
rus |
| 102 |
Страна публикации |
__ |
| a |
Страна публикации |
RU |
| 200 |
Заглавие и сведения об ответственности |
1_ |
| a |
Заглавие |
Международное право |
| b |
Общее обозначение материала |
Текст |
| e |
Сведения, относящиеся к заглавию |
учеб. для бакалавров |
| f |
Первые сведения об ответственности |
Р.А. Каламкарян, Ю.И. Мигачев |
| 205 |
Сведения об издании |
__ |
| a |
Основные сведения об издании |
5-е изд., перераб. и доп. |
| 210 |
Выходные данные |
1_ |
| a |
Место издания |
Москва |
| c |
Издательство |
Юрайт |
| d |
Дата издания |
2014 |
| 215 |
Физическое описание |
__ |
| a |
Объем |
632 с. |
| 225 |
Серия |
2_ |
| a |
Серия |
Бакалавр. Базовый курс |
| 610 |
Ключевые слова |
0_ |
| a |
Ключевые слова |
международное право |
| 610 |
Ключевые слова |
0_ |
| a |
Ключевые слова |
международные договоры |
| 610 |
Ключевые слова |
0_ |
| a |
Ключевые слова |
международные организации |
| 610 |
Ключевые слова |
0_ |
| a |
Ключевые слова |
дипломатическое право |
| 610 |
Ключевые слова |
0_ |
| a |
Ключевые слова |
международная безопасность |
| 610 |
Ключевые слова |
0_ |
| a |
Ключевые слова |
права человека |
| 610 |
Ключевые слова |
0_ |
| a |
Ключевые слова |
международное уголовное право |
| 610 |
Ключевые слова |
0_ |
| a |
Ключевые слова |
международное экономическое право |
| 610 |
Ключевые слова |
0_ |
| a |
Ключевые слова |
международное морское право |
| 610 |
Ключевые слова |
0_ |
| a |
Ключевые слова |
международное воздушное право |
| 610 |
Ключевые слова |
0_ |
| a |
Ключевые слова |
международное космическое право |
| 610 |
Ключевые слова |
0_ |
| a |
Ключевые слова |
международное гуманитарное право |
| 610 |
Ключевые слова |
0_ |
| a |
Ключевые слова |
международные споры |
| 686 |
Индексы других классификаций |
__ |
| a |
Классификационный индекс |
67.412 |
| 686 |
Индексы других классификаций |
__ |
| a |
Классификационный индекс |
67.91я73 |
| 700 |
Автор |
_1 |
| a |
Фамилия |
Каламкарян |
| b |
Имя |
Р. А. |
| g |
Полное личное имя |
Рубен Амаякович |
| 701 |
Альтернативная интеллектуальная ответственность |
_1 |
| a |
Фамилия |
Мигачев |
| b |
Имя |
Ю. И. |
| g |
Полное личное имя |
Юрий Иванович |
| e |
Роль лиц |
Автор |
| 4 |
Код отношения |
070 |
| 801 |
Источник записи |
_0 |
| a |
Страна |
RU |
| b |
Организация |
РУК |
| g |
Правила каталогизации |
PSBO |
| c |
Дата составления |
20150119 |
| 801 |
Источник записи |
_1 |
| a |
Страна |
RU |
| b |
Организация |
РУК |
| g |
Правила каталогизации |
PSBO |
| 852 |
Данные о местонахождении |
__ |
| i |
Авторский знак |
К 17 |
| j |
Шифр хранения |
ББК 67.412 |
| 852 |
Данные о местонахождении |
__ |
| i |
Авторский знак |
К 17 |
| j |
Шифр хранения |
ББК 67 |
| 901 |
Тип документа |
__ |
| t |
Тип документа |
m |
| 937 |
Технологическая информация |
__ |
| a |
Создатель записи (имя) |
Токаренко |
| 937 |
Технологическая информация |
__ |
| a |
Создатель записи (имя) |
Золотухина |
| 938 |
Служебная информация |
__ |
| a |
Название организации |
Краснодарский филиал |
| 938 |
Служебная информация |
__ |
| a |
Название организации |
Головной вуз |
| 938 |
Служебная информация |
__ |
| a |
Название организации |
Камчатский филиал |
| 952 |
Тип литературы |
__ |
| c |
Вид литературы |
учебник |
| b |
Гриф литературы для ВШ |
гриф Регионального учебно-методического центра |